Gestión de las diversidades en las organizaciones del ámbito laboral /
Guardado en:
| Autor Corporativo: | |
|---|---|
| Formato: | Libro |
| Idioma: | Spanish |
| Publicado: |
Ciudad Autónoma de Buenos Aires :
Instituto Nacional contra la Discriminación, la Xenofobia y el Racismo - INADI,
2016.
|
| Edición: | 1a. ed. |
| Series: | Trabajo sin Discriminación ;
2 |
| Materias: | |
| Etiquetas: |
Agregar Etiqueta
Sin Etiquetas, Sea el primero en etiquetar este registro!
|
| LEADER | 00866nam a22002175a 4500 | ||
|---|---|---|---|
| 001 | DER.der014434 | ||
| 008 | 191112s2016####ag############000#0#spa#d | ||
| 005 | 20251210141613.0 | ||
| 245 | 1 | 0 | |a Gestión de las diversidades en las organizaciones del ámbito laboral / |c Dirigido por Javier Alejandro Buján. |
| 250 | |a 1a. ed. | ||
| 260 | |a Ciudad Autónoma de Buenos Aires : |b Instituto Nacional contra la Discriminación, la Xenofobia y el Racismo - INADI, |c 2016. | ||
| 300 | |a 71 p. | ||
| 490 | 0 | |a Trabajo sin Discriminación ; |v 2 | |
| 020 | |a 9789871629909 | ||
| 110 | 2 | |a Instituto Nacional contra la Discriminación, la Xenofobia y el Racismo - INADI. | |
| 700 | 1 | |a Bujan, Javier Alejandro, |e dir. | |
| 653 | |a Discriminación | ||
| 650 | 7 | |a DERECHOS HUMANOS | |
| 653 | |a Diversidad Sexual | ||
| 653 | |a Derechos al Trabajo | ||
| 859 | |a DERECHO |b BIB. DERECHO |h 305.906 |i INS |p 009712 | ||
